Statistics for Ljubljana Airport Destinations (Ljubljana, Slovenia)

Click here to take the quiz!

General Stats

  • This quiz has been taken 41 times
    (4 since last reset)
  • The average score is 30 of 32

Answer Stats

AirlineDestination% Correct
TransaviaAmsterdam
100%
Corendon AirlinesAntalya
100%
Aegean AirlinesAthens
100%
Air SerbiaBelgrade
100%
Brussels AirlinesBrussels
100%
flydubaiDubai (International)
100%
LufthansaFrankfurt
100%
FinnairHelsinki
100%
FlyEgyptHurghada
100%
Turkish AirlinesIstanbul
100%
easyJetLondon (Gatwick)
100%
British AirwaysLondon (Heathrow)
100%
Wizz AirLondon (Luton)
100%
LuxairLuxembourg
100%
IberiaMadrid
100%
LufthansaMunich
100%
Air SerbiaNis
100%
Air FranceParis (Charles de Gaulle)
100%
TransaviaParis (Orly)
100%
Air MontenegroPodgorica
100%
airBalticRiga
100%
FlyEgyptSharm El Sheikh
100%
Israir/Sun d'OrTel Aviv
100%
Air MontenegroTivat
100%
LOT Polish AirlinesWarsaw (Chopin)
100%
Swiss International Air LinesZurich
100%
Norwegian Air ShuttleCopenhagen
75%
Corendon Airlines/Trade AirHeraklion
75%
Trade AirKos
75%
Wizz AirSkopje
75%
GP AviationPristina
50%
Trade AirSamos
50%

Score Distribution

Percentile by Number Answered

Percent of People with Each Score

Your Score History

You have not taken this quiz since the last reset